| 000 | 00407nam a22001697a 4500 | ||
|---|---|---|---|
| 003 | NUST - PNEC | ||
| 005 | 20170116180907.0 | ||
| 008 | 150902b xxu||||| |||| 00| 0 eng d | ||
| 020 | _a817992047X | ||
| 040 | _cLIBRARY | ||
| 082 | _a620.106 MYL | ||
| 100 |
_96796 _aMyles, K. |
||
| 245 |
_aFluids flow & control _cK. Myles |
||
| 260 | _cc.2003 | ||
| 650 |
_96799 _aFluid Mechanics _xME |
||
| 942 |
_2ddc _cBK |
||
| 999 |
_c65159 _d65159 |
||